|
|
|
|
| LEADER |
00703nam a2200193Ia 4500 |
| 001 |
CTU_47953 |
| 008 |
210402s9999 xx 000 0 und d |
| 082 |
|
|
|a 338.436762
|
| 082 |
|
|
|b P981
|
| 100 |
|
|
|a Pulp and paper capacities
|
| 245 |
|
0 |
|a Pulp and paper capacities = Capacités de la pâte et du papier = Capacidades de pasta y papel
|
| 245 |
|
0 |
|b Survey 2000 - 2005 = En quête 2000 - 2005 = Estudio 2000 - 2005
|
| 260 |
|
|
|a Rome, Italy
|
| 260 |
|
|
|b FAO
|
| 260 |
|
|
|c 2001
|
| 650 |
|
|
|a paper industry,forests and forestry,Kinh tế lâm nghiệp
|
| 650 |
|
|
|x economic aspects
|
| 904 |
|
|
|i Nguyễn Quang Điền, 981229
|
| 980 |
|
|
|a Trung tâm Học liệu Trường Đại học Cần Thơ
|